AS Rome : 11 du XXème siècle - Statistiques

Statistiques générales
  • Ce quiz a été pris 41 fois
  • Le résultat moyen est 3 sur 12
Statistiques - réponses
Postes Pays Années de passage Joueurs % Correct
Second Attaquant Italie 1993-2017 Francesco Totti
97%
Défenseur Droit Brésil 1997-2003 Cafu
77%
Défenseur Gauche France 1997-2005 Vincent Candela
46%
Défenseur Central Brésil 1990-2003 Aldair
29%
Milieu de terrain Brésil 1980-1985 Paulo Roberto Falcão
14%
Milieu de terrain Italie 1979-1987 Carlo Ancelotti
11%
Milieu de terrain Italie 1972-1984 Agostino Di Bartolomei
6%
Gardien Italie 1977-1990 Franco Tancredi
6%
Attaquant Italie 1981-1996 Giuseppe Giannini
6%
Attaquant Italie 1978-1988 Roberto Pruzzo
6%
Entraîneur Italie 1993-1996 Carlo Mazzone
0%
Défenseur Central Italie 1959-1969 Giacomo Losi
0%
Aucun quiz correspondant
Distribution des résultats
% des personnes avec chaque résultat
Percentile par nombre de réponses
Votre historique - résultats
Vous n’avez pas pris ce quiz